[Event "Lliga Catalana DH Final A"]
[Site "?"]
[Date "2015.03.14"]
[Round "8.1"]
[White "Cruz Sanchez, J."]
[Black "Magem Badals, J."]
[Result "1-0"]
[WhiteElo "2501"]
[BlackElo "2590"]
[PlyCount "125"]
[EventDate "2015.??.??"]
[EventType "team"]

1. e4 c6 2. d4 d5 3. Nd2 dxe4 4. Nxe4 Bf5 5. Ng3 Bg6 6. h4 h6 7. Nh3 Nf6 8. Bc4
e6 9. Nf4 Bh7 10. Qe2 Na6 11. O-O Nc7 12. c3 Bd6 13. Nfh5 Nxh5 14. Nxh5 g6 15.
Nf4 Qxh4 16. g3 Qe7 17. b4 Nd5 18. Qf3 Qf6 19. Bxd5 cxd5 20. Qe2 O-O-O 21. Nd3
g5 22. Nc5 Qe7 23. Be3 h5 24. a4 g4 25. a5 h4 26. Bf4 Bxc5 27. bxc5 Be4 28. Qb5
hxg3 29. fxg3 Rh1+ 30. Kf2 Rh2+ 31. Ke3 a6 32. Qb6 Qd7 33. Ra3 Qc6 34. Be5 f5
35. Qxc6+ bxc6 36. Rb3 Ra2 37. Rf2 Rxf2 38. Kxf2 Bd3 39. Rb8+ Kd7 40. Rb7+ Ke8
41. Ke3 Bb5 42. Kf4 Rd7 43. Rb6 Rh7 44. Rb8+ Kf7 45. Kg5 f4 46. Kxf4 Rh5 47.
Rb7+ Ke8 48. Kxg4 Be2+ 49. Kf4 Rf5+ 50. Ke3 Bg4 51. Bf4 Rh5 52. Rb6 Rh2 53. Be5
Ra2 54. Rxa6 Kf7 55. Kf4 Be2 56. Rxc6 Rxa5 57. Rc7+ Kg6 58. g4 Ra8 59. Rg7+ Kh6
60. g5+ Kh5 61. Rh7+ Kg6 62. Rh6+ Kf7 63. g6+ 1-0

[Event "Lliga Catalana DH Final A"]
[Site "?"]
[Date "2015.03.14"]
[Round "8.2"]
[White "Lopez Martinez, JM."]
[Black "Cruz Estrada, F."]
[Result "0-1"]
[WhiteElo "2571"]
[BlackElo "2462"]
[PlyCount "94"]
[EventDate "2015.??.??"]
[EventType "team"]

1. d4 Nf6 2. c4 e6 3. Nf3 d5 4. Nc3 Bb4 5. cxd5 exd5 6. Qa4+ Nc6 7. Bg5 h6 8.
Bxf6 Qxf6 9. e3 O-O 10. Be2 Be6 11. Rc1 a6 12. O-O Rfd8 13. a3 Bd6 14. Qd1 Ne7
15. Na4 b6 16. b4 Bf5 17. Nb2 a5 18. Nd3 Ng6 19. b5 Bxa3 20. Rxc7 Bd6 21. Rc1
a4 22. Ra1 a3 23. Qb3 Be4 24. Rfc1 Rdc8 25. Rxc8+ Rxc8 26. Nfe1 Qg5 27. g3 h5
28. f4 Qf5 29. Nf2 Ne7 30. Nxe4 dxe4 31. Nc2 Qd5 32. Qxd5 Nxd5 33. Nxa3 Nxe3
34. Nc4 Rxc4 35. Bxc4 Nxc4 36. Rc1 Ne3 37. Rc6 Nf5 38. Rxb6 Kf8 39. Ra6 Ke7 40.
b6 Nxd4 41. b7 Bb8 42. Ra4 Nc6 43. Rxe4+ Kd7 44. f5 Nd8 45. Rh4 Nxb7 46. Rxh5
Ke7 47. Kg2 Nd6 0-1

[Event "Lliga Catalana DH Final A"]
[Site "?"]
[Date "2015.03.14"]
[Round "8.3"]
[White "Escuder Vilaltella, J."]
[Black "Alonso Rosell, A."]
[Result "0-1"]
[WhiteElo "2396"]
[BlackElo "2578"]
[PlyCount "113"]
[EventDate "2015.??.??"]
[EventType "team"]

1. e4 d6 2. d4 Nf6 3. Nc3 e5 4. Nf3 Nbd7 5. h3 Be7 6. Be3 c6 7. a4 O-O 8. Bc4
a5 9. dxe5 dxe5 10. O-O Qc7 11. Qe2 Nc5 12. Nd2 Ncd7 13. Nf3 Bb4 14. Bg5 h6 15.
Bxf6 Nxf6 16. Nh4 Re8 17. Qf3 Be6 18. Bxe6 Rxe6 19. Ne2 g6 20. Qe3 Kg7 21. Ng3
Nh7 22. Rfd1 Rf6 23. Nf3 Nf8 24. Qd3 Ne6 25. Ne2 Ng5 26. Nxg5 hxg5 27. Qe3 Qe7
28. Qxg5 Bc5 29. Rf1 Rxf2 30. Qxe7 Rxf1+ 31. Kxf1 Bxe7 32. Rd1 Kf6 33. Nc1 Ke6
34. Ke2 Bd6 35. Rd3 Rb8 36. Rc3 Bb4 37. Rb3 f5 38. Rg3 Kf6 39. Rf3 Rd8 40. c3
Bc5 41. g4 f4 42. Rd3 Rh8 43. Kf1 Be3 44. Nb3 Rxh3 45. Nxa5 Kg5 46. Nc4 Kxg4
47. Nxe5+ Kg3 48. Ke2 Rh2+ 49. Kd1 g5 50. Nc4 Kf3 51. e5 Rh8 52. Nd2+ Kg2 53.
Ne4 Re8 54. Nxg5 Rxe5 55. Nf7 Re7 56. Nh6 f3 57. Ng4 0-1

[Event "Lliga Catalana DH Final A"]
[Site "?"]
[Date "2015.03.14"]
[Round "8.4"]
[White "Perpinya Rofes, LM."]
[Black "Rivero Ojeda, C."]
[Result "1-0"]
[WhiteElo "2443"]
[BlackElo "2346"]
[PlyCount "103"]
[EventDate "2015.??.??"]
[EventType "team"]

1. e4 g6 2. d4 Bg7 3. Nc3 c6 4. Nf3 d6 5. Be2 Nf6 6. O-O O-O 7. a4 Nbd7 8. a5
e5 9. dxe5 dxe5 10. b3 Nh5 11. Re1 Nf4 12. Bf1 Qf6 13. Be3 Rd8 14. Qc1 Nf8 15.
Ne2 N8e6 16. g3 Nh5 17. Bg2 Qe7 18. Rd1 Rxd1+ 19. Qxd1 Nc5 20. Nd2 Nf6 21. h3
h5 22. Qc1 Ne6 23. Nc4 Ne8 24. Qd2 h4 25. Rd1 hxg3 26. fxg3 Bf6 27. Kh2 N6c7
28. Qe1 Be6 29. Qf2 Nb5 30. h4 Kg7 31. Bf3 Rd8 32. Bc5 Qc7 33. Rxd8 Bxd8 34.
Qe3 Nf6 35. Kg2 Nd7 36. Bb4 c5 37. Bd2 Nf6 38. Qd3 Nd4 39. Nxd4 cxd4 40. c3
Bxc4 41. bxc4 Qc5 42. cxd4 exd4 43. Kh2 Nd7 44. Bf4 Ne5 45. Bxe5+ Qxe5 46. a6
bxa6 47. Bd1 Bxh4 48. c5 Bd8 49. c6 Bb6 50. Bb3 a5 51. Qc4 f6 52. Qg8+ 1-0

[Event "Lliga Catalana DH Final A"]
[Site "?"]
[Date "2015.03.14"]
[Round "8.5"]
[White "Gonzalez Garcia, M."]
[Black "Rojas Keim, LA."]
[Result "0-1"]
[WhiteElo "2331"]
[BlackElo "2468"]
[PlyCount "60"]
[EventDate "2015.??.??"]
[EventType "team"]

1. e4 d6 2. d4 Nf6 3. Nd2 g6 4. Ngf3 Bg7 5. Bc4 O-O 6. Qe2 c6 7. Bb3 Qc7 8. e5
Nd5 9. O-O a5 10. a3 a4 11. Ba2 dxe5 12. dxe5 Na6 13. Re1 Nc5 14. Qc4 b6 15.
Qh4 h6 16. Nf1 g5 17. Bxg5 hxg5 18. Nxg5 Bf5 19. Bxd5 cxd5 20. Ne3 Qxe5 21. f4
Qf6 22. g4 Be4 23. Nxd5 Qd4+ 24. Re3 Rfe8 25. c3 Qxd5 26. f5 Bh1 27. Qh7+ Kf8
28. Rg3 Ne4 29. Ne6+ fxe6 30. fxe6 Nxg3 0-1

[Event "Lliga Catalana DH Final A"]
[Site "?"]
[Date "2015.03.14"]
[Round "8.6"]
[White "Lorenzo de la Riva, L."]
[Black "Boix Moreno, D."]
[Result "0-1"]
[WhiteElo "2428"]
[BlackElo "2320"]
[PlyCount "86"]
[EventDate "2015.??.??"]
[EventType "team"]

1. d4 Nf6 2. c4 g6 3. Nc3 d5 4. cxd5 Nxd5 5. e4 Nxc3 6. bxc3 Bg7 7. Bc4 O-O 8.
Ne2 c5 9. Be3 Nc6 10. h4 Qc7 11. Rc1 b5 12. Bd3 Rd8 13. O-O c4 14. Bb1 e6 15.
h5 Bb7 16. Qe1 Rac8 17. h6 Bf8 18. Bg5 Be7 19. Qd2 f6 20. Be3 Ba3 21. Rcd1 Qf7
22. Nf4 b4 23. Qe2 bxc3 24. Nxe6 Qxe6 25. d5 Qf7 26. dxc6 Bxc6 27. Bd4 Bf8 28.
Qe3 Rd7 29. Bxc3 Rcd8 30. Bc2 Qe6 31. Rxd7 Rxd7 32. Rb1 Rd8 33. Qf4 Kf7 34. Qe3
Kg8 35. Qxa7 Ra8 36. Qd4 Rxa2 37. Rc1 Bxh6 38. Ra1 Rxc2 39. Qd8+ Bf8 40. Bb4
Qe8 41. Qd1 Qxe4 42. f3 Qe3+ 43. Kh1 Qf2 0-1

[Event "Lliga Catalana DH Final A"]
[Site "?"]
[Date "2015.03.14"]
[Round "8.7"]
[White "Leiro Giralt, D."]
[Black "Rahal, M."]
[Result "1/2-1/2"]
[WhiteElo "2304"]
[BlackElo "2437"]
[PlyCount "56"]
[EventDate "2015.??.??"]
[EventType "team"]

1. e4 e6 2. d4 d5 3. Nc3 Bb4 4. exd5 exd5 5. Bd3 Nc6 6. a3 Bxc3+ 7. bxc3 Nf6 8.
Ne2 O-O 9. O-O Na5 10. Ng3 Qd6 11. a4 Re8 12. h3 Nc4 13. Qf3 Qc6 14. Bg5 Ne4
15. Bxc4 Qxc4 16. Rfe1 Bd7 17. Nxe4 dxe4 18. Qg3 Re6 19. a5 Rae8 20. Bf4 Rg6
21. Qe3 Ra6 22. Qg3 Qd5 23. Bxc7 Rg6 24. Qe3 Rc8 25. Bg3 f5 26. Ra3 Bb5 27. Qf4
a6 28. Qe5 Qxe5 1/2-1/2

[Event "Lliga Catalana DH Final A"]
[Site "?"]
[Date "2015.03.14"]
[Round "8.8"]
[White "Hernando Rodrigo, JM."]
[Black "Gallart Zafra, J."]
[Result "1-0"]
[WhiteElo "2371"]
[BlackElo "2299"]
[PlyCount "77"]
[EventDate "2015.??.??"]
[EventType "team"]

1. d4 Nf6 2. Nf3 e6 3. g3 Be7 4. Bg2 O-O 5. O-O d5 6. c4 b6 7. Ne5 Bb7 8. Nc3
Nbd7 9. Qa4 Nxe5 10. dxe5 Ne8 11. cxd5 exd5 12. Rd1 c6 13. e4 b5 14. Qd4 b4 15.
Na4 Qa5 16. b3 c5 17. Qb2 d4 18. a3 Nc7 19. axb4 Qxb4 20. Qc2 Ne6 21. f4 Rfd8
22. Ba3 Qb5 23. f5 d3 24. Qc4 Qxc4 25. bxc4 Bc6 26. Nc3 Nd4 27. Nd5 Bf8 28.
Rxd3 Rab8 29. Bc1 a5 30. Bf4 a4 31. e6 Rb7 32. Bg5 fxe6 33. Bxd8 exd5 34. exd5
Bd7 35. d6 Rb8 36. Bc7 Re8 37. Bd5+ Kh8 38. Rxd4 cxd4 39. Be6 1-0

[Event "Lliga Catalana DH Final A"]
[Site "?"]
[Date "2015.03.14"]
[Round "8.9"]
[White "Prat Llables, J."]
[Black "Tallo Dominguez, I."]
[Result "0-1"]
[WhiteElo "2294"]
[BlackElo "2340"]
[PlyCount "60"]
[EventDate "2015.??.??"]
[EventType "team"]

1. e4 c5 2. c3 d5 3. exd5 Qxd5 4. d4 g6 5. Nf3 Bg7 6. Na3 cxd4 7. Bc4 Qd8 8.
Qb3 e6 9. O-O Nc6 10. Nb5 a6 11. Na3 dxc3 12. Bg5 Nge7 13. bxc3 O-O 14. Be2 b5
15. Nc2 Qc7 16. Ne3 h6 17. Bh4 Nf5 18. Rac1 Nxh4 19. Nxh4 Bb7 20. Nf3 Rac8 21.
c4 Na5 22. Qa3 Bxf3 23. cxb5 Qxc1 24. Rxc1 Bxe2 25. b6 Nb7 26. h3 Bd4 27. Re1
Bb5 28. Ng4 h5 29. Qe7 hxg4 30. Qxb7 g3 0-1

[Event "Lliga Catalana DH Final A"]
[Site "?"]
[Date "2015.03.14"]
[Round "8.10"]
[White "Pozanco Romasanta, M."]
[Black "Gonzalez Verges, A."]
[Result "1/2-1/2"]
[WhiteElo "2166"]
[BlackElo "2276"]
[PlyCount "125"]
[EventDate "2015.??.??"]
[EventType "team"]

1. d4 Nf6 2. c4 c5 3. d5 b5 4. cxb5 a6 5. b6 d6 6. Nc3 g6 7. e4 Nbd7 8. Nf3 Bg7
9. Be2 O-O 10. O-O Qxb6 11. Qc2 Rb8 12. h3 h6 13. Rb1 a5 14. Be3 Ne8 15. Nd2
Ba6 16. Nc4 Bxc4 17. Bxc4 Qb4 18. Nb5 Rxb5 19. Bd2 Nc7 20. Bxb4 Rxb4 21. a3 Rb7
22. a4 Rb4 23. b3 Bd4 24. Kh1 Kg7 25. f4 Nf6 26. Rf3 g5 27. Re1 gxf4 28. g3 Kh8
29. gxf4 Rg8 30. Kh2 Rbb8 31. Rg3 Nh5 32. Rxg8+ Rxg8 33. Rf1 Ne8 34. Be2 Nef6
35. Bg4 Nxf4 36. Rxf4 Be5 37. Qd2 Nxg4+ 38. Kh1 Bxf4 39. Qxf4 Nf6 40. Qxh6+ Nh7
41. Qh4 Re8 42. Qh5 Kg8 43. Qg4+ Kf8 44. h4 Nf6 45. Qf3 Rb8 46. h5 Rb4 47. Qf5
Rxe4 48. Kg2 Re5 49. Qc8+ Kg7 50. Qa8 Nxd5 51. Qxa5 c4 52. h6+ Kh7 53. Qd2 cxb3
54. Qd3+ Kxh6 55. Qxb3 Nf4+ 56. Kf1 Ne6 57. Qc3 Rc5 58. Qd2+ Kg6 59. a5 Nc7 60.
Kg2 Kf6 61. Qh6+ Ke5 62. Qe3+ Kf6 63. Qh6+ 1/2-1/2

[Event "Lliga Catalana DH Final A"]
[Site "?"]
[Date "2015.03.21"]
[Round "9.1"]
[White "Rizouk, A."]
[Black "Cruz Sanchez, J."]
[Result "0-1"]
[WhiteElo "2530"]
[BlackElo "2501"]
[PlyCount "54"]
[EventDate "2015.??.??"]
[EventType "team"]

1. e4 e5 2. Nf3 Nc6 3. Nc3 Nf6 4. Bb5 Bd6 5. a3 O-O 6. d3 Nd4 7. Bc4 c6 8. h3
Bc7 9. Ba2 d5 10. exd5 Nxd5 11. O-O Nxc3 12. bxc3 Nxf3+ 13. Qxf3 Qd6 14. Re1
Kh8 15. c4 f5 16. Bb2 e4 17. Qe3 Qh2+ 18. Kf1 Bf4 19. Qc5 Re8 20. Re3 Qh1+ 21.
Ke2 Qxg2 22. dxe4 Bxe3 23. Kxe3 b6 24. Qd6 Rxe4+ 25. Kd2 Qxf2+ 26. Kc3 Re3+ 27.
Kb4 a5+ 0-1

[Event "Lliga Catalana DH Final A"]
[Site "?"]
[Date "2015.03.21"]
[Round "9.2"]
[White "Cruz Estrada, F."]
[Black "Vassallo Barroche, M."]
[Result "1/2-1/2"]
[WhiteElo "2462"]
[BlackElo "2424"]
[PlyCount "71"]
[EventDate "2015.??.??"]
[EventType "team"]

1. c4 e5 2. Nc3 Nf6 3. e3 c6 4. Nf3 e4 5. Nd4 d5 6. cxd5 cxd5 7. d3 exd3 8.
Bxd3 Nc6 9. Nxc6 bxc6 10. e4 Bc5 11. exd5 O-O 12. O-O cxd5 13. Bg5 h6 14. Bxf6
Qxf6 15. Nxd5 Qxb2 16. Nc7 Bb7 17. Nxa8 Bxa8 18. Qc2 Qd4 19. Rfe1 Bxg2 20. Bf5
Bf3 21. Be4 Bh5 22. Rac1 Bb6 23. Re3 Qf6 24. Rc3 g6 25. Bg2 Bg4 26. Rc6 Qg5 27.
Kh1 Rd8 28. Rf1 Qh5 29. f3 Bf5 30. Qc1 Qh4 31. Rc4 Qh5 32. Rd1 Re8 33. Re1 Rd8
34. Rd1 Re8 35. Re1 Rd8 36. Rd1 1/2-1/2

[Event "Lliga Catalana DH Final A"]
[Site "?"]
[Date "2015.03.21"]
[Round "9.3"]
[White "Alonso Moyano, J."]
[Black "Rivero Ojeda, C."]
[Result "1-0"]
[WhiteElo "2471"]
[BlackElo "2346"]
[PlyCount "93"]
[EventDate "2015.??.??"]
[EventType "team"]

1. e4 c5 2. Nc3 a6 3. g4 e5 4. d3 d6 5. Bg2 Be6 6. Nd5 Nf6 7. g5 Nxd5 8. exd5
Bf5 9. Ne2 Qc8 10. h4 Be7 11. Ng3 Bg4 12. f3 Bd7 13. f4 Bg4 14. Bf3 Bxf3 15.
Qxf3 Nd7 16. c4 Qc7 17. f5 O-O-O 18. Bd2 Kb8 19. O-O-O Ka7 20. f6 gxf6 21. Nf5
Rde8 22. Nxe7 Rxe7 23. gxf6 Ree8 24. Bh6 b5 25. Rhe1 Rb8 26. Kb1 bxc4 27. dxc4
Rb4 28. Rc1 Rhb8 29. Rc2 Qd8 30. Bd2 R4b7 31. Rf1 Qg8 32. h5 Nb6 33. b3 Nd7 34.
Ka1 Qd8 35. Qc3 Qg8 36. Qf3 Qd8 37. Qf5 Qg8 38. Be1 Ka8 39. Qe4 Qg5 40. Qxh7
Nxf6 41. Qf5 Qxh5 42. Qxf6 Qd1+ 43. Kb2 Qd4+ 44. Rc3 e4 45. Qxd6 e3 46. Qxa6+
Ra7 47. Qc6+ 1-0

[Event "Lliga Catalana DH Final A"]
[Site "?"]
[Date "2015.03.21"]
[Round "9.4"]
[White "Gonzalez Garcia, M."]
[Black "Gomez Jurado, LA."]
[Result "1/2-1/2"]
[WhiteElo "2331"]
[BlackElo "2431"]
[PlyCount "107"]
[EventDate "2015.??.??"]
[EventType "team"]

1. d4 d5 2. Nf3 Nf6 3. c4 c6 4. Nc3 e6 5. cxd5 exd5 6. Bg5 Be7 7. Qc2 Be6 8. e3
h6 9. Bh4 Nh5 10. Bxe7 Qxe7 11. Be2 Nf6 12. O-O Nbd7 13. b4 O-O 14. b5 cxb5 15.
Bxb5 Rac8 16. Bxd7 Qxd7 17. Qb2 Ne4 18. Ne2 Nd6 19. Ne5 Qb5 20. Qxb5 Nxb5 21.
Rfc1 Na3 22. Rxc8 Rxc8 23. Rc1 Rxc1+ 24. Nxc1 Kf8 25. Kf1 Ke7 26. Ke2 g5 27.
Kd2 f6 28. Nf3 Bf5 29. Ne1 Nb1+ 30. Kd1 Nc3+ 31. Kd2 Ne4+ 32. Ke2 Bd7 33. f3
Bb5+ 34. Ned3 Nd6 35. Kf2 a5 36. g4 b6 37. Nb2 a4 38. Nbd3 Bc4 39. Ke1 Bb5 40.
Nb4 Ke6 41. Kf2 Bc4 42. Ke1 Bb5 43. Ne2 Bc4 44. Nc3 b5 45. e4 dxe4 46. fxe4 Kf7
47. Kf2 Be6 48. Kg3 Bd7 49. h3 Ke7 50. Kf3 Bc8 51. Ncd5+ Kf7 52. Nc3 Ke7 53.
Ncd5+ Kf7 54. Nc3 1/2-1/2

[Event "Lliga Catalana DH Final A"]
[Site "?"]
[Date "2015.03.21"]
[Round "9.5"]
[White "Martinez Ramirez, E."]
[Black "Leiro Giralt, D."]
[Result "0-1"]
[WhiteElo "2349"]
[BlackElo "2304"]
[PlyCount "36"]
[EventDate "2015.??.??"]
[EventType "team"]

1. e4 e5 2. Nf3 Nf6 3. Nxe5 d6 4. Nf3 Nxe4 5. Nc3 Nxc3 6. dxc3 Be7 7. Bf4 Nc6
8. Qd2 Be6 9. O-O-O Bxa2 10. b3 a5 11. Kb2 a4 12. Ra1 axb3 13. cxb3 Bxb3 14.
Rxa8 Qxa8 15. Kxb3 Qa1 16. Bg5 f6 17. Bh4 Qb1+ 18. Kc4 b5+ 0-1

[Event "Lliga Catalana DH Final A"]
[Site "?"]
[Date "2015.03.21"]
[Round "9.6"]
[White "Gallart Zafra, J."]
[Black "Perez Mañas, B."]
[Result "0-1"]
[WhiteElo "2299"]
[BlackElo "2375"]
[PlyCount "42"]
[EventDate "2015.??.??"]
[EventType "team"]

1. e4 e5 2. Nf3 Nc6 3. Bc4 Nf6 4. d3 Bc5 5. c3 Bb6 6. Nbd2 O-O 7. Nf1 d5 8.
exd5 Nxd5 9. Ng3 f6 10. b4 Kh8 11. Qc2 Bg4 12. Nd2 Nxc3 13. h3 Bxf2+ 14. Kxf2
Qd4+ 15. Kf1 Nxb4 16. Qb2 Nxd3 17. Bxd3 Qxd3+ 18. Kg1 Qxg3 19. hxg4 Qe1+ 20.
Kh2 Qh4+ 21. Kg1 Ne2+ 0-1

[Event "Lliga Catalana DH Final A"]
[Site "?"]
[Date "2015.03.21"]
[Round "9.7"]
[White "Obon Temprano, S."]
[Black "Prat Llables, J."]
[Result "1-0"]
[WhiteElo "2373"]
[BlackElo "2294"]
[PlyCount "81"]
[EventDate "2015.??.??"]
[EventType "team"]

1. d4 Nf6 2. Nf3 g6 3. Bg5 Bg7 4. Nbd2 O-O 5. e4 d5 6. Bxf6 Bxf6 7. Be2 c5 8.
e5 Bg7 9. c3 Nc6 10. dxc5 Nxe5 11. Nxe5 Bxe5 12. Nb3 e6 13. O-O Qc7 14. g3 Bd7
15. Qd2 Bg7 16. Qe3 Rfc8 17. a4 Bf8 18. Rfd1 Bxc5 19. Nxc5 Qxc5 20. Qxc5 Rxc5
21. c4 a5 22. cxd5 Rxd5 23. Rxd5 exd5 24. Bf3 Bc6 25. Rc1 Kf8 26. Kf1 Ke7 27.
Ke2 Kd6 28. b3 Rc8 29. Ke3 Ke5 30. Bg2 Re8 31. f4+ Kd6+ 32. Kd2 Rb8 33. Ra1 Kc5
34. Bf3 Kb4 35. Kc2 d4 36. Bxc6 bxc6 37. Re1 Rd8 38. Re4 Ka3 39. Re1 d3+ 40.
Kc3 d2 41. Ra1# 1-0

[Event "Lliga Catalana DH Final A"]
[Site "?"]
[Date "2015.03.21"]
[Round "9.8"]
[White "Clopes Llahi, J."]
[Black "Rivas Garcia, V."]
[Result "1-0"]
[WhiteElo "2253"]
[BlackElo "2346"]
[PlyCount "83"]
[EventDate "2015.??.??"]
[EventType "team"]

1. e4 c5 2. Nf3 Nc6 3. Bb5 Nf6 4. e5 Nd5 5. Nc3 Nc7 6. Bxc6 dxc6 7. h3 g6 8. d3
Bg7 9. O-O O-O 10. a4 a5 11. Re1 Ne6 12. Ne4 b6 13. Bd2 Nd4 14. Bf4 Qd5 15.
Nfd2 Ba6 16. Nc3 Qd7 17. Rc1 Rad8 18. Qg4 Qa7 19. Nce4 Bc8 20. Qg3 Nf5 21. Qf3
Ba6 22. Ng3 Nd4 23. Qe3 Rfe8 24. Nge4 f5 25. Ng5 h6 26. Ngf3 g5 27. Bxg5 hxg5
28. Nxg5 Bc8 29. Qf4 b5 30. Qh4 bxa4 31. Qh7+ Kf8 32. c3 e6 33. cxd4 Rxd4 34.
Qg6 Re7 35. Ndf3 Rxd3 36. Nh7+ Kg8 37. Nf6+ Kf8 38. Ng5 Bxf6 39. exf6 Rb7 40.
Rxe6 Rd8 41. Re7 Rxe7 42. fxe7+ 1-0

[Event "Lliga Catalana DH Final A"]
[Site "?"]
[Date "2015.03.21"]
[Round "9.9"]
[White "Bosque Ortega, X."]
[Black "Martinez Pla, X."]
[Result "0-1"]
[WhiteElo "2300"]
[BlackElo "2148"]
[PlyCount "86"]
[EventDate "2015.??.??"]
[EventType "team"]

1. d4 Nf6 2. Nf3 d5 3. Bf4 c5 4. e3 Nc6 5. c3 Qb6 6. Qb3 c4 7. Qxb6 axb6 8. Na3
Ra5 9. Bc7 Nd7 10. Nc2 e6 11. b3 cxb3 12. axb3 Rxa1+ 13. Nxa1 Be7 14. Bb5 Bd8
15. Bxd8 Kxd8 16. Nc2 h6 17. Ke2 Re8 18. Ra1 Kc7 19. Ra8 Rd8 20. Na3 Ndb8 21.
Ba4 Kd6 22. Ne5 Ke7 23. c4 Bd7 24. Bxc6 Nxc6 25. Nxc6+ Bxc6 26. Rxd8 Kxd8 27.
g3 Kd7 28. Kd2 Kd6 29. Kc3 f6 30. f4 e5 31. Nc2 b5 32. cxd5 Bxd5 33. Nb4 exd4+
34. exd4 Be4 35. Nd3 Bxd3 36. Kxd3 f5 37. Kc3 Kd5 38. Kb4 Kxd4 39. Kxb5 g5 40.
Kb6 gxf4 41. gxf4 Kc3 42. Kxb7 Kxb3 43. Kc6 Kc4 0-1

[Event "Lliga Catalana DH Final A"]
[Site "?"]
[Date "2015.03.21"]
[Round "9.10"]
[White "Torrents Ludewig, M."]
[Black "Carrasco Rodriguez, J."]
[Result "0-1"]
[WhiteElo "2071"]
[BlackElo "2272"]
[PlyCount "76"]
[EventDate "2015.??.??"]
[EventType "team"]

1. d4 d5 2. c4 c6 3. Nf3 Nf6 4. Qc2 g6 5. Bf4 Bg7 6. e3 O-O 7. h3 c5 8. cxd5
Nxd5 9. Bxb8 Qa5+ 10. Nbd2 Rxb8 11. Be2 cxd4 12. Nxd4 Bxd4 13. exd4 Nf4 14. Kf1
Nxe2 15. Kxe2 Bf5 16. Qc5 Qa6+ 17. Qc4 Qb6 18. Qb3 Qxd4 19. Nf3 Qe4+ 20. Kf1
Qd3+ 21. Qxd3 Bxd3+ 22. Kg1 f6 23. Kh2 Rbc8 24. Rac1 Kf7 25. Kg3 e5 26. Rhd1
Bf5 27. Nh4 Be6 28. a3 Rxc1 29. Rxc1 Rc8 30. Rxc8 Bxc8 31. Nf3 Ke6 32. Nd2 Bd7
33. f4 Bc6 34. fxe5 Kxe5 35. Kf2 Kd4 36. g3 Kd3 37. Ke1 Kc2 38. Nc4 Kb3 0-1

[Event "Lliga Catalana DH Final A"]
[Site "?"]
[Date "2015.03.21"]
[Round "9.1"]
[White "Movsziszian, K."]
[Black "Kouatly, B."]
[Result "0-1"]
[WhiteElo "2513"]
[BlackElo "2453"]
[PlyCount "130"]
[EventDate "2015.??.??"]
[EventType "team"]

1. g3 Nf6 2. Bg2 d5 3. d3 g6 4. Nf3 Bg7 5. O-O O-O 6. c3 c5 7. Nbd2 Nc6 8. e4
e5 9. exd5 Nxd5 10. Re1 h6 11. a4 Re8 12. Nc4 Bf5 13. Nh4 Be6 14. a5 Rb8 15.
Qa4 Qd7 16. Qb5 Bf8 17. Nf3 Bf5 18. Qa4 Bg7 19. Ne3 Bxd3 20. Rd1 e4 21. Ne1 b5
22. axb6 Nxb6 23. Qa2 c4 24. Nxd3 cxd3 25. f3 exf3 26. Bxf3 a5 27. Ng4 h5 28.
Nf2 Ne5 29. Be4 a4 30. Nxd3 Nec4 31. Nf2 Qb5 32. Qb1 Rbd8 33. Rxd8 Rxd8 34. Qc2
Rc8 35. Qd1 Bf6 36. Rb1 Qc5 37. Qf3 Bg5 38. Bf4 Bxf4 39. Qxf4 Kg7 40. Bd3 Ne5
41. Be2 Rd8 42. Rd1 Rxd1+ 43. Bxd1 Nd3 44. Qd2 Ne5 45. Qf4 Nd3 46. Qd2 Ne5 47.
Qe2 f6 48. h3 Qd6 49. Kg2 Qd5+ 50. Kh2 Nec4 51. Nd3 Qd6 52. Qe4 f5 53. Qf3 h4
54. Kg2 hxg3 55. Qxg3 Qxg3+ 56. Kxg3 Nxb2 57. Nxb2 a3 58. Bb3 axb2 59. Bc2 Kf6
60. Bd3 Nc4 61. h4 Ke5 62. Kf3 Nd2+ 63. Ke2 b1=Q 64. Bxb1 Nxb1 65. Kd3 Nxc3 0-1

[Event "Lliga Catalana DH Final A"]
[Site "?"]
[Date "2015.03.21"]
[Round "9.2"]
[White "Gonzalez Rodriguez, JA."]
[Black "Gonzalez Perez, A."]
[Result "1/2-1/2"]
[WhiteElo "2465"]
[BlackElo "2529"]
[PlyCount "81"]
[EventDate "2015.??.??"]
[EventType "team"]

1. b3 e5 2. Bb2 Nc6 3. e3 Nf6 4. Bb5 Bd6 5. Bxc6 dxc6 6. d3 e4 7. Nc3 Qe7 8.
Nge2 O-O 9. Ng3 Bg4 10. Qd2 exd3 11. cxd3 Rad8 12. O-O c5 13. h3 Bc8 14. f4
Rfe8 15. e4 Nd7 16. Nf5 Qe6 17. Nb5 f6 18. Nfxd6 cxd6 19. Nc7 Qe7 20. Nxe8 Rxe8
21. Rfe1 b6 22. d4 Bb7 23. dxc5 Nxc5 24. e5 dxe5 25. fxe5 f5 26. Ba3 Be4 27.
Rac1 Qxe5 28. Bxc5 bxc5 29. Qf2 Rc8 30. Rc4 Rc6 31. Rec1 Rg6 32. Rxc5 Qd6 33.
Rc8+ Kf7 34. g4 Rf6 35. g5 Re6 36. h4 Kg6 37. R8c7 Qe5 38. R7c5 Qd6 39. Rc7 Qe5
40. R7c5 Qd6 41. Rc7 1/2-1/2

[Event "Lliga Catalana DH Final A"]
[Site "?"]
[Date "2015.03.21"]
[Round "9.3"]
[White "Akbarinia, SA."]
[Black "Lillo Castany, V."]
[Result "1-0"]
[WhiteElo "2366"]
[BlackElo "2376"]
[PlyCount "79"]
[EventDate "2015.??.??"]
[EventType "team"]

1. Nf3 Nf6 2. c4 g6 3. g3 Bg7 4. Bg2 d5 5. cxd5 Nxd5 6. O-O Nb6 7. Nc3 Nc6 8.
Rb1 O-O 9. d3 Re8 10. Bd2 h6 11. b4 a6 12. Ne4 e5 13. Nc5 Rb8 14. Qc1 Nd4 15.
Nxd4 exd4 16. Bxh6 Rxe2 17. Bxg7 Kxg7 18. Rb2 Re8 19. Re1 c6 20. h4 Nd7 21.
Rbe2 Rxe2 22. Rxe2 Nf6 23. Qg5 Bf5 24. Re5 Bd7 25. Qf4 Bf5 26. Bf3 b6 27. Nb3
c5 28. bxc5 bxc5 29. Rxc5 Bxd3 30. g4 Rb4 31. g5 Nd7 32. Rd5 Qe8 33. Qd2 Be4
34. Qxb4 Bxf3 35. Qxd4+ Kh7 36. Rxd7 Bc6 37. Rd5 Qe6 38. Re5 Qh3 39. Re4 Qf3
40. Nd2 1-0

[Event "Lliga Catalana DH Final A"]
[Site "?"]
[Date "2015.03.21"]
[Round "9.4"]
[White "Cuadras Avellana, J."]
[Black "Delisau Gil, O."]
[Result "1-0"]
[WhiteElo "2357"]
[BlackElo "2316"]
[PlyCount "77"]
[EventDate "2015.??.??"]
[EventType "team"]

1. e4 e5 2. Nf3 Nc6 3. Bb5 a6 4. Ba4 Nf6 5. d3 b5 6. Bb3 Be7 7. a3 d6 8. O-O
O-O 9. Nc3 Na5 10. Ba2 Be6 11. b4 Bxa2 12. Rxa2 Nc6 13. Bg5 Kh8 14. Bxf6 Bxf6
15. Nd5 a5 16. c4 bxc4 17. b5 Nb8 18. Rc2 Nd7 19. Rxc4 Nc5 20. Qc2 a4 21. Rxc5
dxc5 22. Qxc5 Qd6 23. Qxd6 cxd6 24. Nd2 Rfb8 25. Rb1 Ra5 26. b6 Bd8 27. Nc4 Ra6
28. Kf1 Kg8 29. Ke2 g6 30. Kd2 f5 31. f3 Kf7 32. Nxd6+ Ke6 33. Nc4 Rb7 34. Rb5
h5 35. Kc3 Kd7 36. Nxe5+ Kd6 37. d4 fxe4 38. fxe4 Ra8 39. Rc5 1-0

[Event "Lliga Catalana DH Final A"]
[Site "?"]
[Date "2015.03.21"]
[Round "9.6"]
[White "Pinsach Gelabert, A."]
[Black "Pueyo Burrell, D."]
[Result "1/2-1/2"]
[WhiteElo "2314"]
[BlackElo "2285"]
[PlyCount "34"]
[EventDate "2015.??.??"]
[EventType "team"]

1. e4 c5 2. Nf3 Nc6 3. d4 cxd4 4. Nxd4 g6 5. Nc3 Bg7 6. Be3 Nf6 7. Bc4 O-O 8.
Bb3 Qc7 9. f3 a6 10. Qd2 b5 11. O-O-O Bb7 12. Kb1 Rac8 13. h4 Na5 14. Bh6 Nxb3
15. cxb3 b4 16. Na4 Bxh6 17. Qxh6 d5 1/2-1/2

[Event "Lliga Catalana DH Final A"]
[Site "?"]
[Date "2015.03.21"]
[Round "9.7"]
[White "Bautista Sanchez, J."]
[Black "Rocabert Andreu, G."]
[Result "1/2-1/2"]
[WhiteElo "2306"]
[BlackElo "2303"]
[PlyCount "33"]
[EventDate "2015.??.??"]
[EventType "team"]

1. Nf3 d5 2. c4 c6 3. e3 Nf6 4. b3 Bf5 5. Bb2 Nbd7 6. Be2 h6 7. O-O e6 8. Nd4
Bh7 9. f4 Bc5 10. Nf3 O-O 11. d4 Be7 12. Nc3 Ne4 13. Nxe4 Bxe4 14. Bd3 Nf6 15.
Qc2 Rc8 16. c5 Bxd3 17. Qxd3 1/2-1/2